|
|
|
|
| LEADER |
00000nam0a2200000 4500 |
| 001 |
114529 |
| 005 |
20231031122259.0 |
| 035 |
|
|
|a (RuTPU)RU\TPU\book\123844
|
| 090 |
|
|
|a 114529
|
| 100 |
|
|
|a 20070423d1977 k y0rusy50 ca
|
| 101 |
0 |
|
|a rus
|
| 102 |
|
|
|a RU
|
| 105 |
|
|
|a a z 001zy
|
| 200 |
1 |
|
|a Плазменные покрытия
|f В. В. Кудинов
|
| 210 |
|
|
|a Москва
|c Наука
|d 1977
|
| 215 |
|
|
|a 184 с.
|c ил.
|
| 320 |
|
|
|a Библиогр.: с. 172-178.
|
| 610 |
1 |
|
|a плазменные покрытия
|
| 610 |
1 |
|
|a процессы
|
| 610 |
1 |
|
|a металлы
|
| 610 |
1 |
|
|a напыление
|
| 610 |
1 |
|
|a подложки
|
| 610 |
1 |
|
|a применение
|
| 675 |
|
|
|a 621.793.7
|v 3
|
| 700 |
|
1 |
|a Кудинов
|b В. В.
|g Владимир Владимирович
|
| 712 |
0 |
2 |
|a Академия наук СССР (АН СССР)
|b Институт металлургии им. А. А. Байкова (ИМЕТ)
|c (Москва)
|2 stltpush
|3 (RuTPU)RU\TPU\col\312
|
| 801 |
|
1 |
|a RU
|b 63413507
|c 20070423
|g PSBO
|
| 801 |
|
2 |
|a RU
|b 63413507
|c 20091215
|g PSBO
|
| 900 |
|
|
|a Плазменные покрытия
|
| 942 |
|
|
|c BK
|